000 01242nam a2200313Ia 4500
001 ebr10088530
003 CaPaEBR
006 m u
007 cr cn|||||||||
008 040514s2004 maua sb 001 0 eng d
020 _z1402078226
020 _z1402078471 (e-Book)
040 _aCaPaEBR
_cCaPaEBR
035 _a(OCoLC)55535545
050 1 4 _aQP517.C45
_bM65 2004eb
245 0 0 _aMolecular targeting and signal transduction
_h[electronic resource] /
_cedited by Rakesh Kumar.
260 _aBoston :
_bKluwer Academic Publishers,
_cc2004.
300 _aviii, 331 p. :
_bill.
490 1 _aCancer treatment and research ;
_vv. 119
504 _aIncludes bibliographical references and index.
533 _aElectronic reproduction.
_bPalo Alto, Calif. :
_cebrary,
_d2009.
_nAvailable via World Wide Web.
_nAccess may be limited to ebrary affiliated libraries.
650 0 _aCellular signal transduction.
650 0 _aDrug targeting.
655 7 _aElectronic books.
_2local
700 1 _aKumar, Rakesh.
710 2 _aebrary, Inc.
830 0 _aCancer treatment and research ;
_vv. 119.
856 4 0 _uhttp://site.ebrary.com/lib/rucke/Doc?id=10088530
_zAn electronic book accessible through the World Wide Web; click to view
999 _c51989
_d51989